3 Emmys in the Same Year Quiz Stats

 Plays Quiz Updated Sep 18, 2018

Challenge
Share
Tweet
Embed
Score 0/12 Timer 06:00
1 Play Today
Year (Genre) Show % Correct
2014 (Drama)Breaking Bad
67.3%
1972 (Comedy)All in the Family
64.3%
1978 (Comedy)All in the Family
64.3%
2003 (Drama)The Sopranos
59%
1973 (Comedy)The Mary Tyler Moore Show
47.8%
1976 (Comedy)The Mary Tyler Moore Show
47.8%
2002 (Drama)The West Wing
46.7%
1981 (Drama)Hill Street Blues
45.2%
2002 (Comedy)Everybody Loves Raymond
38.8%
1983 (Comedy)Taxi
32.6%
1983 (Drama)St. Elsewhere
25.9%
1973 (Drama)The Waltons
12%

You're not logged in!

Compare scores with friends on all Sporcle quizzes.
Join for Free
OR
Log In

You Might Also Like...

Show Comments

Extras

Top Quizzes Today


Score Distribution

Your Account Isn't Verified!

In order to create a playlist on Sporcle, you need to verify the email address you used during registration. Go to your Sporcle Settings to finish the process.

Report this User

Report this user for behavior that violates our Community Guidelines.

Details: